000 00541nam a2200169Ia 4500
008 090201s9999 xx 000 0 und d
010 _aKPL-38265
040 _bमराठी
041 _aमराठी
082 _a19583
_b38265
100 _aनारायण सुर्वे
245 _aसर्व सुर्वे
_cनारायण सुर्वे
260 _c2004
_bडिंपल पब्लिकेशन
300 _a624
_bमोठा
600 _aसर्व सुर्वे
942 _cBOOK
999 _c219394
_d219394